Effetti sonori vol. 05 (Record n. 99768)
[ formato base ]
| 000 -LEADER | |
|---|---|
| fixed length control field | 01365njm a2200277Ia 4500 |
| 001 - CONTROL NUMBER | |
| control field | 66272 |
| 003 - CONTROL NUMBER IDENTIFIER | |
| control field | IT-RoPAU |
| 005 - DATE AND TIME OF LATEST TRANSACTION | |
| control field | 20220918181121.0 |
| 008 - FIXED-LENGTH DATA ELEMENTS--GENERAL INFORMATION | |
| fixed length control field | 131025s9999 xx 000 0 und d |
| 040 ## - CATALOGING SOURCE | |
| Original cataloging agency | IT-RoPAU |
| 040 ## - CATALOGING SOURCE | |
| Transcribing agency | IT-RoPAU |
| 999 ## - SYSTEM CONTROL NUMBERS (KOHA) | |
| Koha Dewey Subclass [OBSOLETE] | n.d. |
| 100 ## - MAIN ENTRY--PERSONAL NAME | |
| Personal name | AA.VV. |
| 9 (RLIN) | 794 |
| 100 ## - MAIN ENTRY--PERSONAL NAME | |
| Relator term | Autore musica |
| 9 (RLIN) | 23664 |
| 100 ## - MAIN ENTRY--PERSONAL NAME | |
| Miscellaneous information | Codice autore musica SPICS: 12000 |
| 9 (RLIN) | 796 |
| 245 ## - TITLE STATEMENT | |
| Title | Effetti sonori vol. 05 |
| 250 ## - EDITION STATEMENT | |
| Edition statement | 1a ed. |
| 260 ## - PUBLICATION, DISTRIBUTION, ETC. (IMPRINT) | |
| Place of publication, distribution, etc. | MILANO |
| 260 ## - PUBLICATION, DISTRIBUTION, ETC. (IMPRINT) | |
| Name of publisher, distributor, etc. | SCIASCIA |
| Date of publication, distribution, etc. | 1974 [1a Ed.:1974 - Ed. Lingua Orig.: 1974] |
| 300 ## - PHYSICAL DESCRIPTION | |
| Extent | DISCO |
| 300 ## - PHYSICAL DESCRIPTION | |
| Dimensions | 28 minuti (Testo: pag.) |
| 500 ## - GENERAL NOTE | |
| General note | Moderna collezione di effetti sonori per uso industriale, radio, tv, cinema, teatro, pubblicità e cineamatori. |
| 505 ## - FORMATTED CONTENTS NOTE | |
| Formatted contents note | Cavalli passaggio sul selciato e in curva sulla ghiaia - Jet 707 decollo - Jet 727 decollo - Aerei supersonici Blues Angels (decollo) - Cantiere edile - Albero (caduta) - Tuoni e pioggia - Sintetizzatore effetto di fuga - Effetto elettronico - Ping pong (partita di una coppia che parla inglese) - Motocicletta su circuito - Macchine sportive su una curva - Passi sulla ghiaia (avviamento auto retromarcia) - Passi in cerchio - Passi di corsa sulla ghiaia - Nave spaziale - Segheria - Elicottero - Fucile con eco di canyon - Fuochi d'artificio |
| 650 ## - SUBJECT ADDED ENTRY--TOPICAL TERM | |
| Topical term or geographic name as entry element | RUMORI [DISCHI] |
| Relator term | Codice MATERIA SPICS: 9950 |
| 9 (RLIN) | 23665 |
| 942 ## - ADDED ENTRY ELEMENTS (KOHA) | |
| Koha item type | DISCHI |
| Source of classification or shelving scheme | Dewey Decimal Classification |
| Withdrawn status | Lost status | Damaged status | Not for loan | Home library | Current library | Date acquired | Total Checkouts | Full call number | Date last seen | Price effective from | Koha item type | Public note |
|---|---|---|---|---|---|---|---|---|---|---|---|---|
| Buone Condizioni | Not For Loan | SPICS-MEDIATECA | SPICS-MEDIATECA | 25/10/2013 | 66272 | 25/10/2013 | 25/10/2013 | DISCHI | Progr. Ins.: 16273 / N.Vol.: 1 / Copie: 1 - Copia rara: n.d. / date import: 01.01.2014 - By Epidotti, Trombetti, Vaglietti |